Logos Through the Ages: NBC Quiz Stats

 Plays Quiz Updated Aug 2, 2017

Support Sporcle.
Go Orange.
Score 0/13 Timer 03:00
1 Play Today
% Correct
???
95.9%
???
68%
???
66.2%
???
63.6%
???
62.3%
???
58.4%
???
54.2%
???
48.9%
???
41.6%
???
40.1%
???
39.9%
???
22.7%
???
16.9%

You're not logged in!

Compare scores with friends on all Sporcle quizzes.
OR
Log In
Forgot?

From the Vault

Animal Clichés

by JoeBeta

Never lick a gift horse in the mouth! Wait...no...that can't be right.
Remove Ads.
Support Sporcle.
Get the best of Sporcle when you Go Orange. This ad-free experience offers more features, more stats, and more fun while also helping to support Sporcle. Thank you for becoming a member.

Show Comments

Extras

Top Quizzes Today


Score Distribution

Your Account Isn't Verified!

In order to create a playlist on Sporcle, you need to verify the email address you used during registration. Go to your Sporcle Settings to finish the process.

Report this User

Report this user for behavior that violates our Community Guidelines.

Details: